000 00945nam a22002297a 4500
005 20250407121347.0
008 250407b |||||||| |||| 00| 0 eng d
020 _a978-93-5775-110-0 (hbk)
037 _cTB
040 _aCRL
_cCRL
041 _2hin
_ahin
084 _aO152,3N50,RM R3
_qCRL
100 _aराय, विभूति नारायण
245 _aरामगढ़ में हत्या
260 _aनई दिल्ली, भारत:
_bवाणी प्रकाशन,
_c2023.
300 _a102पृ0
365 _b350.00
_cINR
650 _aहिन्दी उपन्यास
650 _aहिन्दी साहित्य
942 _2CC
_cTB
_hO152,3N50,RM R3
_n0
999 _c1308485
_d1308485